| 000 | 00688cam a22002413a 4500 | ||
|---|---|---|---|
| 001 | 1225 | ||
| 003 | PGUSA | ||
| 005 | 20140828082958.0 | ||
| 008 | 980301s1998||||xxu|||||s|||||000 | eng d | ||
| 040 |
_aPGUSA _beng |
||
| 042 | _adc | ||
| 050 | 4 | _aQC | |
| 100 | 1 |
_aTyndall, John, _d1820-1893 |
|
| 245 | 1 | 0 |
_aFaraday as a Discoverer _h[electronic resource] / _cJohn Tyndall |
| 260 |
_bProject Gutenberg, _c1998 |
||
| 506 | _aPublic domain in the USA. | ||
| 516 | _aElectronic text | ||
| 653 | _aPhysicists -- Great Britain -- Biography | ||
| 653 | _aFaraday, Michael, 1791-1867 | ||
| 830 | 0 |
_aProject Gutenberg _v1225 |
|
| 856 | 4 | 0 | _uhttp://www.gutenberg.org/ebooks/1225 |
| 942 | _cEB | ||
| 999 |
_c230573 _d230573 |
||